| 000 | 00957cam a22003137a 4500 | ||
|---|---|---|---|
| 003 | CHAP | ||
| 005 | 20220329134602.0 | ||
| 008 | 971013s1976 r 00010 d | ||
| 010 | _a22589 | ||
| 011 | _a23561 | ||
| 035 | _a27657 | ||
| 040 | _cCHAP | ||
| 082 |
_a551.5 _bA8 |
||
| 111 | 0 | 0 |
_aAustralian Academy of Science. _98385 |
| 245 | 0 | _aReport of a committee on climatic change | |
| 260 |
_aNetley, Australian : _bThe Academy, _c1976 |
||
| 300 |
_a92 p. _b; mapas |
||
| 490 | 0 |
_aReport _v; 21 |
|
| 590 |
_aBATCH-UPD _b10 _c20130110 _lUCH01 _h1339 |
||
| 590 |
_aBATCH-UPD _b10 _c20130410 _lUCH01 _h0841 |
||
| 590 |
_aBATCH-UPD _b10 _c20130914 _lUCH01 _h0435 |
||
| 590 |
_aCONVERSION _b10 _c20130109 _lUCH01 _h1313 |
||
| 650 | 1 | 4 |
_aCambios climáticos. _917792 |
| 650 | 1 | 4 |
_aClimatologĂa. _923864 |
| 830 | 0 |
_aReport _v; 21 _995990 |
|
| 901 | _aBK | ||
| 942 | _cLIBRO | ||
| 949 |
_a551.5 A8 _bBC _cLIBRO _d33724000456836 _eLIBRO _gI.126986 _h66845 _i27657 _mDir _si |
||
| 999 |
_c22589 _d22589 |
||